Social protection as development policy (Record no. 12960)

MARC details
000 -LEADER
fixed length control field 02754nam a2200349Ia 4500
001 - CONTROL NUMBER
control field 9780203814093
003 - CONTROL NUMBER IDENTIFIER
control field BD-DhSAU
005 - DATE AND TIME OF LATEST TRANSACTION
control field 20151012151722.0
006 - FIXED-LENGTH DATA ELEMENTS--ADDITIONAL MATERIAL CHARACTERISTICS
fixed length control field a|||||s|||||||||||
007 - PHYSICAL DESCRIPTION FIXED FIELD--GENERAL INFORMATION
fixed length control field cr||||
008 - FIXED-LENGTH DATA ELEMENTS--GENERAL INFORMATION
fixed length control field 110531s2010 ii abd sb 001 0 eng d
020 ## - INTERNATIONAL STANDARD BOOK NUMBER
International Standard Book Number 9780203814093 (e-book : PDF)
040 ## - CATALOGING SOURCE
Original cataloging agency BD-DhSAU
Transcribing agency BD-DhSAU
043 ## - GEOGRAPHIC AREA CODE
Geographic area code a------
090 ## - LOCALLY ASSIGNED LC-TYPE CALL NUMBER (OCLC); LOCAL CALL NUMBER (OCLC)
Classification number (OCLC) (R) ; Classification number, CALL (RLIN) (NR) HN652.5
Local cutter number (OCLC) ; Book number/undivided call number, CALL (RLIN) .S63 2010
092 ## - LOCALLY ASSIGNED DEWEY CALL NUMBER (OCLC)
Classification number 306.095
Item number S678
245 00 - TITLE STATEMENT
Title Social protection as development policy
Medium [electronic resource] :
Remainder of title Asian perspectives /
Statement of responsibility, etc. editors, Sarah Cook and Naila Kabeer.
260 ## - PUBLICATION, DISTRIBUTION, ETC. (IMPRINT)
Place of publication, distribution, etc. New Delhi [India] :
Name of publisher, distributor, etc. Routledge,
Date of publication, distribution, etc. 2010.
300 ## - PHYSICAL DESCRIPTION
Extent xxiv, 371 p. :
Other physical details ill., map.
504 ## - BIBLIOGRAPHY, ETC. NOTE
Bibliography, etc Includes bibliographical references and index.
505 0# - FORMATTED CONTENTS NOTE
Formatted contents note ch. 1. Introduction : exclusions, deficits and trajectories / Sarah Cook and Naila Kabeer -- ch. 2. Shock-induced poverty in urban China / Meiyan Wang -- ch. 3. Social protection and the economic well-being of families with dependent children in urban China / Xiulan Zhang and Yuebrin Xu -- ch. 4. Gender, work and security in urban China : the reconstruction of identity as laid-off worker / Sarah Cook and Susan Jolly -- ch. 5. Social protection and market reforms in Vietnam / Robert L. Bach and Le Bach Duong -- ch. 6. Social security for rural migrant workers in China : current coverage, institutional design and policy suggestions / Dewen Wang, Yongtang Ma and Changyou Zhu -- ch. 7. Reading the signposts : social protection for home-based women workers in South Asia / Ratna M. Sudarshan -- ch. 8. Approaching basic and economic security for informal workers through national and local initiatives : case studies of home-based workers in South East Asia / Donna L. Doane -- ch. 9. Women's vulnerability, risk and social protection : an exploration of links between property ownership and domestic violence in South Asia / Nandita Bhatla, Nata Duvvury and Swati Chakraborty -- ch. 10. Food security at the local level : a study in contrast between Kerala and Orissa in India / K.P. Kannan and N. Vijayamohanan Pillai -- ch. 11. Targeting in social protection programmes : the experience of Indonesia / Asep Suryahadi ... [et al.] -- ch. 12. Crafting a graduation pathway for the ultra poor : lessons and evidence from a BRAC programme in Bangladesh / Imran Matin, Munshi Sulaiman and Mehnaz Rabbani.
530 ## - ADDITIONAL PHYSICAL FORM AVAILABLE NOTE
Additional physical form available note Also available in print edition.
538 ## - SYSTEM DETAILS NOTE
System details note Mode of access: World Wide Web.
650 #0 - SUBJECT ADDED ENTRY--TOPICAL TERM
Topical term or geographic name as entry element Economic development
Geographic subdivision Asia.
651 #0 - SUBJECT ADDED ENTRY--GEOGRAPHIC NAME
Geographic name Asia
General subdivision Social policy.
655 #7 - INDEX TERM--GENRE/FORM
Genre/form data or focus term Electronic books.
Source of term lcsh
700 1# - ADDED ENTRY--PERSONAL NAME
Personal name Cook, Sarah,
Dates associated with a name 1961-
700 1# - ADDED ENTRY--PERSONAL NAME
Personal name Kabeer, Naila.
776 1# - ADDITIONAL PHYSICAL FORM ENTRY
International Standard Book Number 0415585732
776 1# - ADDITIONAL PHYSICAL FORM ENTRY
International Standard Book Number 9780415585736
856 40 - ELECTRONIC LOCATION AND ACCESS
Uniform Resource Identifier <a href="http://www.tandfebooks.com/isbn/9780203814093">http://www.tandfebooks.com/isbn/9780203814093</a>

No items available.